Gramática del texto.

-д хадгалсан:
Номзүйн дэлгэрэнгүй
Үндсэн зохиолч: Cuenca, María Josep (autora)
Формат: Үл мэдэгдэх
Хэвлэсэн: Madrid, España: Arco/Libros, S.L., 2023.
Хэвлэл:3.ª edición.
Цуврал:Cuadernos de Lengua Española ;
Нөхцлүүд:
Шошгууд: Шошго нэмэх
Шошго байхгүй, Энэхүү баримтыг шошголох эхний хүн болох!

MARC

LEADER 00000 a2200000 4500
003 CL-VaPUC
005 20250114120036.0
008 241217t2023 ||||| |||| 00| 0 eng d
999 |c 444954  |d 444952 
020 |a 978-84-7635-788-0 
040 |c Pontificia Universidad Católica de Valparaíso 
082 7 |a 401.41 CUE 2023  |2 22 
100 |a Cuenca, María Josep  |9 453654  |e autora 
245 |a Gramática del texto.  
250 |a 3.ª edición.  
260 |a Madrid, España:  |b Arco/Libros, S.L.,  |c 2023. 
300 |a 94 páginas.  
490 |a Cuadernos de Lengua Española ;  |n 108. 
583 |k GC  |c 20241217 
650 0 |a Análisis del discurso  |9 256696 
942 |2 ddc  |c BK 
952 |0 0  |1 0  |2 ddc  |4 0  |6 401_410000000000000_CUE_2023  |7 0  |8 A  |9 598710  |a BIBEDU  |b BIBEDU  |d 2024-12-16  |e 13  |g 8306.00  |i 5663644  |o 401.41 CUE 2023  |p 5663644  |r 2024-12-16  |t 5  |v 8306.00  |w 2024-12-16  |y BK  |k LIT 
952 |0 0  |1 0  |2 ddc  |4 0  |6 401_410000000000000_CUE_2023  |7 0  |8 A  |9 598711  |a BIBEDU  |b BIBEDU  |d 2024-12-16  |e 13  |g 8306.00  |i 5663640  |o 401.41 CUE 2023  |p 5663640  |r 2024-12-16  |t 1  |v 8306.00  |w 2024-12-16  |y BK  |k LIT 
952 |0 0  |1 0  |2 ddc  |4 0  |6 401_410000000000000_CUE_2023  |7 0  |8 A  |9 598712  |a BIBEDU  |b BIBEDU  |d 2024-12-16  |e 13  |g 8306.00  |i 5663642  |l 1  |o 401.41 CUE 2023  |p 5663642  |r 2025-03-24  |s 2025-03-24  |t 3  |v 8306.00  |w 2024-12-16  |y BK  |k LIT 
952 |0 0  |1 0  |2 ddc  |4 0  |6 401_410000000000000_CUE_2023  |7 0  |8 A  |9 598713  |a BIBEDU  |b BIBEDU  |d 2024-12-16  |e 13  |g 8306.00  |i 5663641  |o 401.41 CUE 2023  |p 5663641  |r 2024-12-16  |t 2  |v 8306.00  |w 2024-12-16  |y BK  |k LIT 
952 |0 0  |1 0  |2 ddc  |4 0  |6 401_410000000000000_CUE_2023  |7 0  |8 A  |9 598714  |a BIBEDU  |b BIBEDU  |d 2024-12-16  |e 13  |g 8306.00  |i 5663643  |o 401.41 CUE 2023  |p 5663643  |r 2024-12-16  |t 4  |v 8306.00  |w 2024-12-16  |y BK  |k LIT